<?xml version="1.0" encoding="UTF-8"?>
<marc:record xmlns:marc="http://www.loc.gov/MARC21/slim">
   <marc:leader>00000nam a2200000 a 4500</marc:leader>
   <marc:datafield ind1=" " ind2=" " tag="653">
      <marc:subfield code="a">Konsolenspiel</marc:subfield>
   </marc:datafield>
   <marc:datafield ind1=" " ind2=" " tag="653">
      <marc:subfield code="a">WI.SPK</marc:subfield>
   </marc:datafield>
   <marc:datafield ind1=" " ind2=" " tag="653">
      <marc:subfield code="a">lne</marc:subfield>
   </marc:datafield>
   <marc:datafield ind1="0" ind2="0" tag="245">
      <marc:subfield code="a">Super Mario Galaxy 2</marc:subfield>
   </marc:datafield>
   <marc:datafield ind1="1" ind2=" " tag="520">
      <marc:subfield code="a">Super Mario Galaxy 2 ist die Fortsetzung des kosmischen Jump'n'Run-Hits von 2007. Wie im Original trotzen die Spieler auch hier der Schwerkraft und hüpfen von Planet zu Planet. Dabei erkunden sie gänzlich neue Galaxien und stoßen auf völlig unbekannte Features und Herausforderungen....</marc:subfield>
   </marc:datafield>
</marc:record>
